Top 3 pilotes & constructeurs depuis création formule 1 - Statistiques

Statistiques générales
  • Ce quiz a été pris 268 fois
  • Le résultat moyen est 58 sur 85
Statistiques - réponses
Pilote Prenom Vainqueur Second Toisieme % Correct
Ferrari Constructeur 2008, 2007, 2004, 2003, 2002, 2001, 2000, 1999, 1983, 1982, 1979, 1977, 1976, 1975, 1964, 1961
100%
Hamilton Lewis 2008, 2014, 2015, 2017, 2018, 2019, 2020 2007, 2016, 2021 2023
99%
Mercedes Constructeur 2021, 2020, 2019, 2018, 2017, 2016, 2015, 2014
99%
Verstappen Max 2021, 2022, 2023, 2024 2019, 2020
99%
Leclerc Charles 2022 2024
97%
Red Bull Constructeur 2023, 2022, 2013, 2012, 2011, 2010
97%
Alonso Fernando 2005, 2006 2010, 2012, 2013 2007
96%
McLaren Bruce 1960 1962, 1969
94%
McLaren Constructeur 2024, 1991, 1990, 1989, 1988, 1985, 1984, 1974
94%
Renault Constructeur 2006, 2005
94%
Schumacher Michael 1994, 1995, 2000, 2001, 2002, 2003, 2004 1998, 2006 1992, 1996, 2005
94%
Vettel Sebastian 2010, 2011, 2012, 2013 2009, 2017, 2018 2015
94%
Bottas Valtteri 2019, 2020 2017, 2021
92%
Norris Lando 2024
92%
Prost Alain 1985, 1986, 1989, 1993 1983, 1984, 1988, 1990
92%
Rosberg Keke 1982 1985
92%
Rosberg Nico 2016 2014, 2015
92%
Senna Ayrton 1988, 1990, 1991 1989, 1993 1987
92%
Perez Sergio 2023 2022
91%
Raikkonen Kimi 2007 2003, 2005 2008, 2012, 2018
91%
Hakkinen Mika 1998, 1999 2000
90%
Williams Constructeur 1997, 1996, 1994, 1993, 1992, 1987, 1986, 1981, 1980
90%
Button Jenson 2009 2011 2004
89%
Fangio Juan Manuel 1951, 1954, 1955, 1956, 1957 1950, 1953
88%
Villeneuve Gilles 1979
88%
Villeneuve Jacques 1997 1996
88%
Hill Phill 1961
85%
Hill Graham 1962, 1968 1964, 1965 1963
85%
Hill Damon 1996 1994, 1995 1993
85%
Lauda Niki 1975, 1977, 1984 1976
85%
Massa Felipe 2008 2006
84%
Ascari Alberto 1952, 1953 1951
83%
Piquet Nelson 1981, 1983, 1987 1980 1986, 1990
82%
Mansell Nigel 1992 1986, 1987, 1991
80%
Barrichello Ruben 2002, 2004 2001, 2009
79%
Ricciardo Daniel 2014, 2016
79%
Webber Mark 2010, 2011, 2013
79%
Farina Giuseppe 1950 1952 1953
77%
Fittipaldi Emerson 1972, 1974 1973,1975
76%
Hunt James 1976
76%
Benetton Constructeur 1995
75%
Brawn Constructeur 2009
73%
Brabham Jack 1959, 1960, 1966 1967
72%
Brabham Constructeur 1967, 1966
72%
Lotus Constructeur 1978, 1973, 1972, 1970, 1968, 1965,1963
72%
Stewart Jackie 1969, 1971, 1973 1968, 1972 1965
71%
Clark Jim 1963, 1965 1962 1964, 1967
66%
Coulthard David 2001 1995, 1997, 1998, 2000
66%
Andretti Mario 1978 1977
63%
Montoya Juan Pablo 2002, 2003
63%
Scheckter Jody 1979 1977 1974, 1976
63%
Jones Alan 1980 1979, 1981
61%
Hawthorn Mike 1958 1954
60%
Surtees John 1964 1966
58%
Hulme Denny 1967 1968, 1972
57%
Rindt Jochen 1970 1966
57%
Moss Stirling 1955, 1956, 1957, 1958 1959, 1960, 1961
55%
Berger Gerhard 1988, 1994
52%
Cooper Constructeur 1960, 1959
52%
Irvine Eddie 1999
52%
Ickx Jacky 1969, 1970
51%
Patrese Riccardo 1992 1989, 1991
50%
Arnoux René 1983
49%
Frentzen Heinz Harald 1997 1999
49%
Pironi Didier 1982
49%
Regazzoni Clay 1974 1970
49%
Vanwall Constructeur 1958
48%
Tyrell Constructeur 1971
47%
Reutemann Carlos 1981 1975, 1978, 1980
46%
Alboreto Michele 1985
44%
Peterson Ronnie 1971, 1978 1973
44%
BRM Constructeur 1962
43%
Matra Constructeur 1969
43%
Cevert Francois 1971
41%
De Angelis Elio 1984
39%
Gonzalez Jose Froilan 1954 1951
39%
Watson John 1982
39%
Brooks Tony 1959 1958
37%
von Trips Wolfgang 1961
37%
Fagioli Fagioli 1950
29%
Taruffi Piero 1952
26%
Collins Peter 1956
22%
Ginther Richie 1963
12%
Musso Luigi 1957
12%
Castellotti Eugenio 1955
8%
Aucun quiz correspondant
Distribution des résultats
% des personnes avec chaque résultat
Percentile par nombre de réponses
Votre historique - résultats
Vous n’avez pas pris ce quiz